| 000 | 01398nam0a2200313 4500 | ||
|---|---|---|---|
| 001 | RU\NLR\bibl\1679221 | ||
| 005 | 20260405224416.0 | ||
| 010 |
_a978-5-9948-0447-6 _990 |
||
| 021 |
_aRU _b2010-64549 _94236 |
||
| 035 | _a(NLR Aleph) 001670434 | ||
| 090 |
_a1037956 _c1037956 |
||
| 100 | _a20100929d2010 |||y0rusy50 ca | ||
| 101 | 0 | _arus | |
| 102 | _aRU | ||
| 105 | _aa ||||||||| | ||
| 200 | 1 |
_aСтратегический маркетинг _eучебное пособие _fА.В. Евстратов, С.А. Абрамов _gФедер. агентство по образованию, Волгогр. гос. техн. ун-т |
|
| 210 |
_aВолгоград _cВолгГТУ _d2010 |
||
| 215 |
_a82, [2] с. _cил. _d21 |
||
| 320 | _aБиблиогр.: с. 79-83 | ||
| 606 | 1 |
_aМаркетинг стратегический _jУчебные издания для высших учебных заведений _92089345 _3RU\NLR\auth\661264755 |
|
| 686 | _aУ5-361.4я73 | ||
| 700 | 1 |
_aЕвстратов _bА. В. _gАлександр Владимирович _4070 |
|
| 701 | 1 |
_4070 _7ca _8rus _aАбрамов _bС. А. _cканд. экон. наук, экон. теория _f1978- _gСергей Анатольевич _985418 _3RU\NLR\AUTH\77102492 |
|
| 801 | 0 |
_aRU _bNLR _c20100929 _gRCR |
|
| 801 | 1 |
_aRU _bNLR _c20100929 |
|
| 830 | _aпо кн | ||
| 942 | _cBOOK | ||
| 980 | _aNB | ||